000 00296nam a22001337a 4500
008 260427b ||||| |||| 00| 0 eng d
020 _a9780141325491
041 _aShqip
080 _a821.1
100 _a20
101 _aroman
245 _aHeroes of Olympus
_cRick Riordan
942 _2udc
_cBK
999 _c61003
_d61003